Statistics for County-Level Divisions of Hubei, China 湖北

Click here to take the quiz!

General Stats

  • This quiz has been taken 94 times
  • The average score is 70 of 103

Answer Stats

Prefecture-level City 地級市Answer% Correct
Wuhan 武漢Hanyang 漢陽
98%
Directly Administered 省直轄Shennongjia Forestry District 神農架林區
98%
Directly Administered 省直轄Qianjiang 潛江
95%
Directly Administered 省直轄Tianmen 天門
95%
Wuhan 武漢Wuchang 武昌
95%
Directly Administered 省直轄Xiantao 仙桃
95%
Wuhan 武漢Jianghan 江漢
88%
Xianning 咸寧Chibi 赤壁
85%
Shiyang 十堰Danjiangkou 丹江口
85%
Huangshi 黃石Daye 大冶
85%
Xiangyang 襄陽Fancheng 樊城
85%
Wuhan 武漢Jiangxia 江夏
85%
Wuhan 武漢Qiaokou 礄口
85%
Wuhan 武漢Caidian 蔡甸
83%
Wuhan 武漢Dongxihu 東西湖
83%
Enshi Prefefcture 恩施州Enshi City 恩施市
83%
Jingzhou 荊州Shashi 沙市
83%
Xiangyang 襄陽Xiangcheng 襄城
83%
Yichang 宜昌Zhijiang 枝江
83%
Xiaogan 孝感Hanchuan 漢川
80%
Jingmen 荊門Zhongxiang 鍾祥
80%
Huanggang 黃岡Hong'An 紅安
78%
Wuhan 武漢Hongshan 洪山
78%
Huanggang 黃岡Huangzhou 黃州
78%
Wuhan 武漢Jiang'An 江岸
78%
Jingmen 荊門Jingshan 京山
78%
Wuhan 武漢Qingshan 青山
78%
Xiangyang 襄陽Zaoyang 棗陽
78%
Xiaogan 孝感Dawu 大悟
76%
Ezhou 鄂州Echeng 鄂城
76%
Jingzhou 荊州Jianli 監利
76%
Xiangyang 襄陽Laohekou 老河口
76%
Yichang 宜昌Dangyang 當陽
73%
Jingzhou 荊州Honghu 洪湖
73%
Xiangyang 襄陽Xiangzhou 襄州
73%
Yichang 宜昌Yiling 夷陵
73%
Enshi Prefefcture 恩施州Badong 巴東
71%
Jingzhou 荊州Gong'An 公安
71%
Huanggang 黃岡Huangmei 黃梅
71%
Ezhou 鄂州Huarong 華容
71%
Enshi Prefefcture 恩施州Lichuan 利川
71%
Suizhou 隨州Sui County 隨縣
71%
Huanggang 黃岡Wuxue 武穴
71%
Shiyang 十堰Yunyang 鄖陽
71%
Xiaogan 孝感Anlu 安陸
68%
Wuhan 武漢Hannan 漢南
68%
Enshi Prefefcture 恩施州Jianshi 建始
68%
Jingzhou 荊州Jingzhou District 荊州區
68%
Huanggang 黃岡Macheng 麻城
68%
Yichang 宜昌Wufeng 五峰
68%
Xiaogan 孝感Xiaonan 孝南
68%
Wuhan 武漢Xinzhou 新洲
68%
Huanggang 黃岡Xishui 浠水
68%
Yichang 宜昌Yidu 宜都
68%
Xiaogan 孝感Yunmeng 雲夢
68%
Shiyang 十堰Yunxi 鄖西
68%
Yichang 宜昌Zigui 秭歸
68%
Jingzhou 荊州Jiangling 江陵
66%
Yichang 宜昌Xiling 西陵
66%
Suizhou 隨州Zengdu 曾都
66%
Yichang 宜昌Changyang 長陽
63%
Jingmen 荊門Duodao 掇刀
63%
Wuhan 武漢Huangpi 黃陂
63%
Enshi Prefefcture 恩施州Laifeng 來鳳
63%
Huanggang 黃岡Qichun 蘄春
63%
Huangshi 黃石Yangxin 陽新
63%
Suizhou 隨州Guangshui 廣水
61%
Ezhou 鄂州Liangzihu 梁子湖
61%
Huanggang 黃岡Tuanfeng 團風
61%
Enshi Prefefcture 恩施州Xianfeng 咸豐
61%
Xiaogan 孝感Xiaochang 孝昌
61%
Yichang 宜昌Xingshan 興山
61%
Shiyang 十堰Fang County 房縣
59%
Huangshi 黃石Huangshigang 黃石港
59%
Jingzhou 荊州Songzi 松滋
59%
Xianning 咸寧Tongshan 通山
59%
Yichang 宜昌Wujiagang 伍家崗
59%
Yichang 宜昌Xiaoting 猇亭
59%
Xiangyang 襄陽Yicheng 宜城
59%
Xianning 咸寧Jiayu 嘉魚
56%
Shiyang 十堰Maojian 茅箭
56%
Jingmen 荊門Shayang 沙洋
56%
Xiaogan 孝感Yingcheng 應城
56%
Shiyang 十堰Zhushan 竹山
56%
Shiyang 十堰Zhuxi 竹溪
56%
Xiangyang 襄陽Nanzhang 南漳
54%
Xiangyang 襄陽Baokang 保康
51%
Xiangyang 襄陽Gucheng 穀城
51%
Enshi Prefefcture 恩施州Hefeng 鶴峰
51%
Jingzhou 荊州Shishou 石首
51%
Xianning 咸寧Tongcheng 通城
51%
Xianning 咸寧Xian'An 咸安
51%
Huangshi 黃石Xisaishan 西塞山
51%
Yichang 宜昌Yuan'An 遠安
51%
Enshi Prefefcture 恩施州Xuan'En 宣恩
49%
Huanggang 黃岡Yingshan 英山
49%
Xianning 咸寧Chongyang 崇陽
46%
Yichang 宜昌Dianjun 點軍
46%
Jingmen 荊門Dongbao 東寶
46%
Huangshi 黃石Tieshan 鐵山
44%
Shiyang 十堰Zhangwan 張灣
44%
Huanggang 黃岡Luotian 羅田
39%
Huangshi 黃石Xialu 下陸
39%

Score Distribution

Percentile by Number Answered

Percent of People with Each Score

Your Score History

You have not taken this quiz